Дело о доставлении сведений о количестве капитального долга по выкупным ссудам, досрочных взносах, поступивших к 1 января 1882 г...

Доступно только в Электронных читальных залах Найти на картеНа карте
RUSMARC
00003713nmc2a2200000 x 450
00187573f2a-b80e-47a3-9403-753d8bb520a4
00520160105062546.0
100##$a20150220l18821883k l0rusy0189 ca
1010#$arus
102##$aRU
200##$aДело о доставлении сведений о количестве капитального долга по выкупным ссудам, досрочных взносах, поступивших к 1 января 1882 года, о выкупных платежах по ссудам за понижением на основании указа 28 декабря 1881 года и об отсроченных, рассроченных и сложенных недоимках по Владимирской губернии (с приложением 13-ти ведомостей)
$j18 декабря 1882 г. - 16 июля 1883 г.
251##$cДело
300##$aДело
801#0$aRU
$bРГИА
$c20150220
$gRCR
801#1$aRU
$bГлавНИВЦ
$c20150220
$2rusmarc
801#2$aRU
$bПБ им. Б.Н. Ельцина
$c20160105
$gRCR
$2rusmarc
850##$aРГИА
852##$aРГИА
$eФедеральное казенное учреждение "Российский государственный исторический архив" (РГИА)
$j788
937##$hРГИА
$d11190380
$aASBIBLIO_SCAN
462#0$10013826a62a-52d3-408e-b545-2019664385f0
$12001
$a1861-1895 гг.
$1251
$cОпись
$1852
$j50
461#0$10018ef30ad5-ff5c-4840-a721-74c62a200f95
$12001
$aГлавное выкупное учреждение Министерства финансов
$1251
$cФонд
$1852
$j577
215##$a90 л.
$d36,5x26 см
371##$aДокумент не является опубликованным и широко распространяемым
105##$aу###
1222#$ad
035##$a87573f2a-b80e-47a3-9403-753d8bb520a4
Формат отображения